000 00427nam a2200181 a 4500
001 1757333385134
003 ACL
005 20250908174142.0
008 250908s2009##################000#0#eng##
020 _a9780300118735
082 0 4 _a783.8709
_bPOT
100 1 _aPotter, John,
_eauthor.
245 1 0 _aTenor :
260 _bYale University Press,
_c2009.
650 0 _aMusic.
942 _cENGLISH
040 _aACL
_beng
_cACL
999 _c585906
_d585906